Enciclopedia escolar visor 4 : el mundo de la ciencia

Guardado en:
Formato: Libro
Publicado: Buenos Aires : Visor, 2001
Materias:
Etiquetas: Agregar Etiqueta
Sin Etiquetas, Sea el primero en etiquetar este registro!
LEADER 00830nam a22002055a 4500
001 CEM.cems012638
005 20070625160623.0
008 130507s2001##################000#0#####d
003 CEMS
020 |a 9875221422 
082 0 4 |a 530 
245 0 0 |a Enciclopedia escolar visor 4 :  |b el mundo de la ciencia 
260 |a Buenos Aires :  |b  Visor,  |c 2001 
300 |a 32 p. 
505 0 |a La materia -- Los atomos -- Los metales -- Carbono -- Oxigeno -- Hidrógeno -- Las Moléculas -- Cristales -- Soluciones -- Los ácidos y las bases -- La gravedad -- El sonido -- Calor -- La luz -- El color -- La electricidad -- Magnetismo 
653 |a Ciencias-2do. egb 
653 |a Física-2do. egb 
653 |a Química-2do. egb 
653 |a Biblioteca maría de los angeles saggio 
859 |a CEMS  |b BIB. CEMS - 11 de abril  |h 530  |i En16  |p 23945.07  |t Ej.1  |v 4  |3 4